Teaching of english/ (Record no. 7512)
[ view plain ]
| 000 -LEADER | |
|---|---|
| fixed length control field | 00499 a2200169 4500 |
| 010 ## - LCCN (DPL NO) | |
| LC control number | ENG-88027 |
| 020 ## - INTERNATIONAL STANDARD BOOK NUMBER | |
| Terms of availability | 180.00 |
| International Standard Book Number | 8190328131 |
| 035 ## - SYSTEM CONTROL NUMBER | |
| System control number | EN-71560, B-228603 |
| 037 ## - SOURCE OF ACQUISITION | |
| Source of stock number/acquisition | DBAD / PUB |
| 082 14 - DEWEY DECIMAL CLASSIFICATION NUMBER | |
| Classification number | 372.6521044 |
| 100 ## - MAIN ENTRY--PERSONAL NAME | |
| Personal name | Paliwal, A.K. |
| 245 1# - TITLE STATEMENT | |
| Title | Teaching of english/ |
| Statement of responsibility, etc | by A.K. Paliwal |
| 260 ## - PUBLICATION, DISTRIBUTION, ETC. (IMPRINT) | |
| Place of publication, distribution, etc | Jaipur |
| Name of publisher, distributor, etc | Neelkanth Pustak Mandir |
| Date of publication, distribution, etc | 2007 |
| 270 ## - ADDRESS | |
| Address | A-11, Kumawat Bari, Khatipura, |
| City | Jaipur |
| 300 ## - PHYSICAL DESCRIPTION | |
| Extent | 263p. |
| Dimensions | 22cm (pbk) |
| 942 ## - ADDED ENTRY ELEMENTS (KOHA) | |
| Institution code [OBSOLETE] | dpl |
| Item type | English Books |
| Source of classification or shelving scheme | Dewey Decimal Classification |
| Classification part | 372.6521044 |
| Call number suffix | PAL |
| Withdrawn status | Lost status | Not for loan | Collection code | Home library | Current library | Source of acquisition | Cost, normal purchase price | Full call number | Barcode | Copy number | Cost, replacement price | Koha item type | Date acquired |
|---|---|---|---|---|---|---|---|---|---|---|---|---|---|
| Not For Loan | Non-fiction | D.B.Act.Division | D.B.Act.Division | DBAD/PUB | 180.00 | 372.6521044 PAL | EN-71560 | 1 | 180.00 | English Books | |||
| Non-fiction | Vigyan Vihar | Vigyan Vihar | BPPD/PUB | 180.00 | 372.6521044 PAL | B-228603 | 180.00 | English Books | 05/12/2018 |
